<?xml version="1.0" encoding="UTF-8"?>
<record
    xmlns:xsi="http://www.w3.org/2001/XMLSchema-instance"
    xsi:schemaLocation="http://www.loc.gov/MARC21/slim http://www.loc.gov/standards/marcxml/schema/MARC21slim.xsd"
    xmlns="http://www.loc.gov/MARC21/slim">

  <leader>01129nam a22001457a 4500</leader>
  <datafield tag="999" ind1=" " ind2=" ">
    <subfield code="c">525333</subfield>
    <subfield code="d">525333</subfield>
  </datafield>
  <controlfield tag="008">240222b           ||||| |||| 00| 0 eng d</controlfield>
  <datafield tag="100" ind1=" " ind2=" ">
    <subfield code="a">Aghion, P. Bergeaud, A. and Reenen, J.V. </subfield>
    <subfield code="9">50064</subfield>
  </datafield>
  <datafield tag="245" ind1=" " ind2=" ">
    <subfield code="a">The impact of regulation on innovation</subfield>
  </datafield>
  <datafield tag="260" ind1=" " ind2=" ">
    <subfield code="a">The American Economic Review </subfield>
  </datafield>
  <datafield tag="300" ind1=" " ind2=" ">
    <subfield code="a">113(11), Nov, 2023: p.2894-2936</subfield>
  </datafield>
  <datafield tag="520" ind1=" " ind2=" ">
    <subfield code="a">We present a framework that can be used to assess the equilibrium impact of regulation on endogenous innovation with heterogeneous firms. We implement this model using French firm-level panel data, where there is a sharp increase in the burden of labor regulations on companies with 50 or more employees. Consistent with the model's qualitative predictions, we find a fall in the fraction of innovating firms just to the left of the regulatory threshold. Furthermore, we find a reduction in the innovation response of firms to demand shocks just below the threshold. Regulation reduces aggregate innovation by 5.7 percent.- Reproduced 

https://www.aeaweb.org/articles?id=10.1257/aer.20210107
</subfield>
  </datafield>
  <datafield tag="773" ind1=" " ind2=" ">
    <subfield code="a">The American Economic Review </subfield>
  </datafield>
  <datafield tag="906" ind1=" " ind2=" ">
    <subfield code="a">INNOVATION</subfield>
  </datafield>
  <datafield tag="942" ind1=" " ind2=" ">
    <subfield code="c">AR</subfield>
  </datafield>
  <datafield tag="952" ind1=" " ind2=" ">
    <subfield code="0">0</subfield>
    <subfield code="1">0</subfield>
    <subfield code="2">ddc</subfield>
    <subfield code="4">0</subfield>
    <subfield code="7">0</subfield>
    <subfield code="9">400391</subfield>
    <subfield code="a">IIPA</subfield>
    <subfield code="b">IIPA</subfield>
    <subfield code="d">2024-02-22</subfield>
    <subfield code="h">113(11), Nov, 2023: p.2894-2936</subfield>
    <subfield code="p">AR131131</subfield>
    <subfield code="r">2024-02-22</subfield>
    <subfield code="y">AR</subfield>
  </datafield>
</record>
